10 Random Countries (Americas Pt 1) - Map Quiz - Statistics

General Stats
  • This quiz has been taken 13 times
    12 since last reset
  • The average score is 9 of 10
Answers on the Map
Answers color-coded by a green-red scale on the quiz's map according to % correct below.
 
Answer Stats
Answer % Correct
Bahamas
100%
Canada
100%
Cuba
100%
Jamaica
100%
Panama
100%
Belize
90%
Grenada
90%
Honduras
90%
El Salvador
80%
Trinidad and Tobago
80%
No matching quizzes found
Score Distribution
Percent of People with Each Score
Percentile by Number Answered
Your Score History
You have not taken this quiz since the last reset